| 000 | 01484cam a2200337 a 4500 | ||
|---|---|---|---|
| 001 | 5859795 | ||
| 003 | ARRUPE | ||
| 005 | 20161206092509.0 | ||
| 008 | 760322s1785 enk 000 0 eng | ||
| 010 | _a 04020428 | ||
| 035 | _a(OCoLC)2062059 | ||
| 040 |
_aDLC _cDLC _dDLC _edcrb |
||
| 041 | 1 |
_aeng _aeng _hfre |
|
| 043 | _an-us--- | ||
| 050 | 0 | 0 |
_aE211 _b.P947 |
| 051 |
_aE211 _b.B99 Copy 3 _cLC copy with: Valens. The letters of Valens. London : Printed for J. Almon, 1777. Bound together subsequent to publication. |
||
| 100 | 1 |
_aPrice, Richard, _d1723-1791. _927941 |
|
| 245 | 1 | 0 |
_aObservations on the importance of the American revolution and the means of making it a benefit to the world : _bto which is added, A letter from M. Turgot ... with an appendix, containing a translation of the will of M. Fortuné Ricard, lately published in France / _cby Richard Price ... |
| 260 |
_aMarston Gate : _bAmazon |
||
| 300 |
_aviii, 156 p. ; _c20 cm. (8vo) |
||
| 500 | _aPublished originally in Dublin, 1785. | ||
| 510 | 4 |
_aESTC _cT12991 |
|
| 546 | _aThe letter from Turgot is in French and English. | ||
| 651 | 0 |
_aUnited States _xPolitics and government _y1775-1783. _927942 |
|
| 700 | 1 |
_aTurgot, Anne-Robert-Jacques, _cbaron de l'Aulne, _d1727-1781. _927943 |
|
| 700 | 1 |
_aMathon de La Cour, Charles-Joseph, _d1738-1793. _927944 |
|
| 906 |
_a7 _bcbc _cpremver _d1 _encip _f19 _gy-genrareb |
||
| 942 |
_2lcc _cMONOGRAPH |
||
| 999 |
_c125875 _d125875 |
||